los tres chanchitos

Detalles Bibliográficos
Formato: Libro
Lenguaje:inglés

MARC

LEADER 00000nam a22000007a 4500
003 UAHC
005 20171113163536.0
008 171113b xxu||||| |||| 00| 0 eng d
999 |c 49886  |d 49886 
040 |c uhgfd 
082 |2 345  |a g256 
245 |a los tres chanchitos 
942 |2 ddc  |c BK